[Event "POL-chT4 Slaskie"]
[Site "Poland"]
[Date "2008.04.13"]
[Round "5.22"]
[White "Misiuna, Krzysztof"]
[Black "Goc, Lukasz"]
[Result "1/2-1/2"]
[WhiteElo "1825"]
[BlackElo "1711"]
[PlyCount "73"]
[EventDate "2008.02.10"]
[EventType "team-swiss"]
[EventRounds "9"]
[EventCountry "POL"]
[SourceTitle "EXT 2019"]
[Source "ChessBase"]
[SourceDate "2018.10.10"]
[SourceVersion "1"]
[SourceVersionDate "2018.10.10"]
[SourceQuality "1"]

1. f4 d5 2. Nf3 c5 3. d3 Nc6 4. g3 Bg4 5. Bg2 e6 6. Nc3 Nf6 7. 0-0 Bd6 8. e4 d4 9. Ne2 e5 10. f5 c4 11. h3 Bxf3 12. Bxf3 cxd3 13. cxd3 Rc8 14. Qb3 Qd7 15. Bd2 0-0 16. Rac1 Rb8 17. g4 h6 18. Kh2 Ne7 19. g5 hxg5 20. Bxg5 Nh7 21. Bd2 Qd8 22. Rg1 Nxf5 23. Ng3 Nh4 24. Be2 Kh8 25. Rcf1 Ng5 26. Bxg5 Qxg5 27. Rxf7 Qe3 28. Rgf1 Kh7 29. Qe6 Rxf7 30. Rxf7 Rf8 31. Rxf8 Bxf8 32. Qf7 Be7 33. Qh5+ Kg8 34. Qe8+ Kh7 35. Qh5+ Kg8 36. Qe8+ Kh7 37. Qh5+ 1/2-1/2

[Event "POL-chT3 U19 Slaska"]
[Site "Slask"]
[Date "2007.04.22"]
[Round "7.15"]
[White "Przebindowski, Lukasz"]
[Black "Goc, Lukasz"]
[Result "0-1"]
[WhiteElo "1800"]
[BlackElo "1741"]
[PlyCount "82"]
[EventDate "2007.01.27"]
[EventType "team-tourn"]
[EventRounds "11"]
[EventCountry "POL"]
[SourceTitle "EXT 2019"]
[Source "ChessBase"]
[SourceDate "2018.10.10"]
[SourceVersion "1"]
[SourceVersionDate "2018.10.10"]
[SourceQuality "1"]
[WhiteTeam "Jaworzno JKSz MCKiS U19 II"]
[BlackTeam "Tychy Jedynka U19"]
[WhiteTeamCountry "POL"]
[BlackTeamCountry "POL"]

1. e4 c6 2. d4 d5 3. Nc3 dxe4 4. Nxe4 Bf5 5. Ng3 Bg6 6. Nf3 Nd7 7. Bd3 Bxd3 8. Qxd3 e6 9. Bf4 Ngf6 10. 0-0-0 Be7 11. Ne4 Nxe4 12. Qxe4 Nf6 13. Qd3 0-0 14. Be5 Ng4 15. Rhf1 Qa5 16. Kb1 Rfd8 17. Qe4 Nxe5 18. Nxe5 Qd5 19. Qf4 f6 20. Nf3 c5 21. Rd2 c4 22. c3 Bd6 23. Qe3 Qf5+ 24. Rc2 a5 25. Qe2 Qd5 26. g3 b5 27. Re1 Re8 28. Nd2 e5 29. Qe4 Qxe4 30. Rxe4 f5 31. Re3 exd4 32. cxd4 Rxe3 33. fxe3 Re8 34. Nf1 g5 35. Rg2 Kh8 36. Kc2 f4 37. gxf4 gxf4 38. exf4 Bxf4 39. Kc3 Re1 40. Ng3 Rc1+ 41. Rc2 b4+ 0-1